Central Library OPAC University of Rajshahi

Notes on microscopical technique for zoologists / (Record no. 12422)

MARC details
000 -LEADER
fixed length control field 00840cam a2200265 a 4500
001 - CONTROL NUMBER
control field 12422
003 - CONTROL NUMBER IDENTIFIER
rucl marc code BD-RjUL
005 - DATE AND TIME OF LATEST TRANSACTION
control field 20211208235306.0
008 - FIXED-LENGTH DATA ELEMENTS--GENERAL INFORMATION
fixed length control field 140128r19691946enka 001 0 eng d
020 ## - INTERNATIONAL STANDARD BOOK NUMBER
International Standard Book Number 0521092132
035 ## - SYSTEM CONTROL NUMBER
System control number (BD-RjUL)12471
-- (OCoLC)ocm02353451
040 ## - CATALOGING SOURCE
Original cataloging agency DLC
Transcribing agency YSM
Modifying agency CHS
-- SYB
-- BD-RjUL
Language of cataloging eng
041 ## - LANGUAGE CODE
Language code of text/sound track or separate title eng
082 00 - DEWEY DECIMAL CLASSIFICATION NUMBER
Classification number 570.282
Author mark and year PAN 1969
Edition number 23
100 1# - MAIN ENTRY--PERSONAL NAME
Personal name Pantin, Carl Frederick Abel,
Dates associated with a name 1899-1967.
9 (RLIN) 22375
245 10 - TITLE STATEMENT
Title Notes on microscopical technique for zoologists /
Statement of responsibility, etc. by C. F. A. Pantin.
250 ## - EDITION STATEMENT
Edition statement 1st ed.
260 ## - PUBLICATION, DISTRIBUTION, ETC. (IMPRINT)
Place of publication, distribution, etc. Cambridge :
Name of publisher, distributor, etc. University Press,
Date of publication, distribution, etc. 1946 [reprinted 1969].
300 ## - PHYSICAL DESCRIPTION
Pagination viii, 77 p. :
Illustrations ill., diagrs. ;
Size 21 cm.
504 ## - BIBLIOGRAPHY, ETC. NOTE
Bibliography, etc Includes bibliography.
650 #0 - SUBJECT ADDED ENTRY--TOPICAL TERM
Topical term or geographic name as entry element Microscopy
General subdivision Technique.
9 (RLIN) 38596
Topical term or geographic name as entry element Microscopy
General subdivision methods
9 (RLIN) 38597
942 ## - ADDED ENTRY ELEMENTS (KOHA)
Source of classification or shelving scheme Dewey Decimal Classification
Koha item type Books
Holdings
Lost status Source of classification or shelving scheme Damaged status Not for loan Collection code Permanent Location Current Location Shelving location Date acquired Source of acquisition Cost, normal purchase price Total Checkouts Full call number Date last seen Copy number Koha item type
  Dewey Decimal Classification     Non-fiction Central Library, University of Rajshahi Central Library, University of Rajshahi   07/05/1977 W. Heffers & sons. 7.30   570.282 PAN 1969 28/01/2014 C-2 Books
  Dewey Decimal Classification   Not For Loan Non-fiction Central Library, University of Rajshahi Central Library, University of Rajshahi Reading Room 07/05/1977 W. Heffers & Sons. 1.20   570.282 PAN 1969 30/05/2017 C-1 Books
  Dewey Decimal Classification     Non-fiction Central Library, University of Rajshahi Central Library, University of Rajshahi   07/05/1977 W. Heffar And Sons 1.30   570.282 PAN 1969 20/12/2018 C-3 Books